=LDR 00000nam 2200000 4500 =001 INLIS000000000014425 =005 20130612105714 =008 ***********************************Ind** =035 ##$$0010-061300000014425 =041 ##$$a Ind =082 ##$$a 392.5 =090 ##$$a 392.5, Pri p =100 ##$$a Priggawidagda, Suwarna =245 ##$$a Pawiwahan dan pahargyan, Suwarna Priggawidagda =260 ##$$a 2003 $b Yogyakarta =300 ##$$a xi, 110 hlm, Il, 20 cm =650 ##$$a Upacara Perkawinan =850 ##$$a NBPNMAT =990 ##$$a 2090100483/BPAP-NTB/2015